00420nam a2200169Ia 4500008004000000082001800040100002100058245004400079260003800123300000800161650000700169650001200176650001800188650001500206650000800221700002100229210210b1975 xxu||||| |||| 00| 0 eng d a595.7003 BURE aBURTON (Maurice) aEncyclopaedia of insects and arachnids. aLondonbOctopus Books Ltd.,c1975 a252 aof ainsects aEncyclopaedia aarachnids. aand aBURTON (Robert).